| 000 | 00422pab a2200157 454500 | ||
|---|---|---|---|
| 008 | 180718b2011 xxu||||| |||| 00| 0 eng d | ||
| 100 | _aReddy, C. Raghava | ||
| 245 | _aFrom impairment to disability and beyond: Critical explorations in disability studies | ||
| 260 | _c2011 | ||
| 300 | _ap.287-306. | ||
| 362 | _aMay-Aug | ||
| 650 | _aDisabilities | ||
| 773 | _aSociological Bulletin | ||
| 908 | _aN | ||
| 909 | _a93657 | ||
| 999 |
_c93657 _d93657 |
||